00698nam a22002057a 450000500170000001000130001702000230003003500130005303700100006608200110007610000240008724500600011126000390017127000560021030000240026650000200029094200250031099900170033595201400035220110929104135.0 aG-001465 c395.00a81857337501daG-001465 bGift  a328.54 aGoswami, B. 935024 aParliamentary democracy at cross road /cby B. Goswami  aChandigarhbK.C. Publishers c2009 aS.C.O. 57-59, Basement, Sector 17 CbChnadigarhe17 av, 178p. c22cm(hb) aIncludes index  2ddccENh328.54mGOS c57132d57132 001040708NFICaJPbJPd2011-09-29egiftg395.00l4o328.54 GOSpG-001465r2021-12-22 00:00:00s2021-12-09t1v395.00w2011-09-29yEN